Some thoughts towards law reforms on the topic of terrorism and on the topic of dishonoured cheques : (Record no. 4762)

MARC details
000 -LEADER
fixed length control field 01019nam a22001817a 4500
020 ## - INTERNATIONAL STANDARD BOOK NUMBER
ISBN 9788175347502
020 ## - INTERNATIONAL STANDARD BOOK NUMBER
ISBN 8175347503
050 ## - CALL NUMBER
Classification number KNS4352
Item number .M72
245 ## - TITLE
Title Some thoughts towards law reforms on the topic of terrorism and on the topic of dishonoured cheques :
Remainder of title excerpts from the forthcoming work Justice, courts and delays
Statement of responsibility, etc Arun Mohan.
260 ## - PUBLICATION INFORMATION
Place of publication Delhi :
Name of publisher Universal Law Pub. Co.,
Year of publication 2009.
300 ## - DESCRIPTION
Number of Pages 31, xiv pages ;
Dimensions 24 cm
500 ## - NOTES
General note "Published in advance keeping in view the current situation."<br/><br/>
505 ## - FORMATTED CONTENTS NOTE
Table of Content 1. Publisher's note<br/>2. Contents of the topic 10 of chapter 10(terrorism)<br/>3. The topic on Terrorism<br/>4. Contents of sub- topic 14 of Chapter 10<br/>5. The topic on dishonored cheques<br/>6. The sub- topic ( part of topic 3 of chapter 8 - banking and debt recovery<br/>7. The table of contents of the forthcoming work<br/>(Justice, Courts and Delays)
650 ## - SUBJECTS
Topical Term Terrorism -- India -- Prevention.
650 ## - SUBJECTS
Topical Term Check fraud -- India.
650 ## - SUBJECTS
Topical Term Check fraud.
942 ## - ADDED ENTRY ELEMENTS (KOHA)
Koha item type Books
Holdings
Withdrawn status Lost status Collection code Home library Current library Shelving location Date acquired Source of acquisition Full call number Accession Number Koha item type
    Reference Methodist University Law Library Methodist University Law Library General Stacks   Dansoman Books Shop KNS4352 .M72 4970 Books
    Reference Methodist University Law Library Methodist University Law Library General Stacks   Dansoman Books Shop KNS4352 .M72 4969 Books
    Reference Methodist University Law Library Methodist University Law Library General Stacks   Dansoman Books Shop KNS4352 .M72 4968 Books
    Reference Methodist University Law Library Methodist University Law Library General Stacks   Dansoman Books Shop KNS4352 .M72 4967 Books
Copyright © 2026  MUG Library